Математическая модель рекламной кампании в условиях зависимости цены товара от рекламы; РИСК: Ресурсы, Информация, Снабжение, Конкуренция; № 3

Dettagli Bibliografici
Parent link:РИСК: Ресурсы, Информация, Снабжение, Конкуренция.— , 1991-
№ 3.— 2012.— [С. 55-59]
Autore principale: Калашникова Т. В. Татьяна Владимировна
Ente Autore: Национальный исследовательский Томский политехнический университет (ТПУ) Институт социально-гуманитарных технологий (ИСГТ) Кафедра инженерного предпринимательства (ИП)
Altri autori: Калашникова А. В.
Riassunto:Заглавие с экрана
Определены оптимальные момент времени окончания «раскрутки» рекламы и момент времени окончания стационарного выделения средств на рекламу при различных стратегиях управления рекламной кампанией. Разработаны необходимые условия для максимизации прибыли фирмы в долгосрочном и краткосрочном периодах проведения рекламной кампании, а также при различном влиянии рекламы на цену товара.
The optimal time of the end of the «promotion» of advertising and the time of the end of the fixed allocation of funds for advertising in various management strategies for the advertising campaign are defined. The necessary conditions for maximizing the firm's profit in the long and short periods of the campaign, as well as in the different impact of advertising on the price of the goods are developed.
Режим доступа: по договору с организацией-держателем ресурса
Lingua:russo
Pubblicazione: 2012
Soggetti:
Accesso online:http://elibrary.ru/item.asp?id=18264204
Natura: Elettronico Capitolo di libro
KOHA link:https://koha.lib.tpu.ru/cgi-bin/koha/opac-detail.pl?biblionumber=638397

MARC

LEADER 00000naa0a2200000 4500
001 638397
005 20250203143204.0
035 |a (RuTPU)RU\TPU\network\2743 
090 |a 638397 
100 |a 20150120d2012 k||y0rusy50 ca 
101 0 |a rus 
102 |a RU 
135 |a drnn ---uucaa 
181 0 |a i  
182 0 |a b 
200 1 |a Математическая модель рекламной кампании в условиях зависимости цены товара от рекламы  |f Т. В. Калашникова, А. В. Калашникова 
203 |a Текст  |c электронный 
300 |a Заглавие с экрана 
320 |a [Библиогр.: с. 59 (4 назв.)] 
330 |a Определены оптимальные момент времени окончания «раскрутки» рекламы и момент времени окончания стационарного выделения средств на рекламу при различных стратегиях управления рекламной кампанией. Разработаны необходимые условия для максимизации прибыли фирмы в долгосрочном и краткосрочном периодах проведения рекламной кампании, а также при различном влиянии рекламы на цену товара. 
330 |a The optimal time of the end of the «promotion» of advertising and the time of the end of the fixed allocation of funds for advertising in various management strategies for the advertising campaign are defined. The necessary conditions for maximizing the firm's profit in the long and short periods of the campaign, as well as in the different impact of advertising on the price of the goods are developed. 
333 |a Режим доступа: по договору с организацией-держателем ресурса 
461 |t РИСК: Ресурсы, Информация, Снабжение, Конкуренция  |d 1991- 
463 |t № 3  |v [С. 55-59]  |d 2012 
610 1 |a электронный ресурс 
610 1 |a труды учёных ТПУ 
610 1 |a реклама 
610 1 |a спрос 
610 1 |a маркетинг 
610 1 |a прибыль 
700 1 |a Калашникова  |b Т. В.  |c специалист в области менеджмента  |c доцент Томского политехнического университета, кандидат технических наук  |f 1970-  |g Татьяна Владимировна  |3 (RuTPU)RU\TPU\pers\27132  |9 12672 
701 1 |a Калашникова  |b А. В. 
712 0 2 |a Национальный исследовательский Томский политехнический университет (ТПУ)  |b Институт социально-гуманитарных технологий (ИСГТ)  |b Кафедра инженерного предпринимательства (ИП)  |3 (RuTPU)RU\TPU\col\18857 
801 2 |a RU  |b 63413507  |c 20150120  |g RCR 
856 4 |u http://elibrary.ru/item.asp?id=18264204 
942 |c CF